000 00476nmm a2200157Ia 4500
008 251105s9999||||xx |||||||||||||||||und||
020 _a9788497889902
041 _aspa
100 _aLeiva-Aguilera, Javier
245 0 _aGestión de la reputación online
264 _a[Madrid, España] :
_bUniversitat Oberta de Catalunya,
_c2012
300 _a100 páginas
650 _aTechnology and computing
856 _uhttps://public.digitaliapublishing.com/a/21269
942 _cCF
999 _c90764
_d90764